| 000 | 00917nam a2200337 a 4500 | ||
|---|---|---|---|
| 003 | AR-BaBNM | ||
| 005 | 20251128210528.0 | ||
| 008 | 082120s2002 ||||||||||||||000 | spa|| | ||
| 020 | _a84-8319033-8 | ||
| 040 | _cAR-BaBNM | ||
| 100 | 1 | _aIniesta, Ferrán | |
| 245 | 0 | 0 |
_aEl planeta negro _baproximación histórica a las culturas africanas |
| 250 | _a2ª ed. | ||
| 260 |
_aMadrid _bLos Libros de la Catarata _c1998 |
||
| 300 |
_a223 p. _bmapas |
||
| 500 | _aContiene referencias bibliográficas | ||
| 650 | 4 | _aHISTORIA AFRICANA | |
| 650 | 4 | _aMARXISMO | |
| 650 | 4 | _aANTROPOLOGIA CULTURAL Y SOCIAL | |
| 650 | 4 | _aDIFUSION DE LA CULTURA | |
| 650 | 4 | _aGRUPOS | |
| 650 | 4 | _aTRIBUS | |
| 650 | 4 | _aCULTURAS AFRICANAS | |
| 650 | 4 | _aIDENTIDAD CULTURAL | |
| 650 | 4 | _aSIGLO VEINTE | |
| 650 | 4 | _aHISTORIA ECONOMICA | |
| 650 | 4 | _aHISTORIA CULTURAL | |
| 651 | 4 | _aAfrica | |
| 942 | _cBK | ||
| 998 | _cMariana | ||
| 999 |
_c15818 _d15818 |
||